000 00725 a2200253 4500
003 Nust
005 20170207154053.0
010 _a 2009008874
020 _a0470454601 (cloth)
020 _a9780470454602 (cloth)
035 _a(OCoLC)ocn299695775
040 _cNust
082 0 0 _a519.52
100 1 _aWayne A. Fuller.
245 1 0 _aSampling statistics (E-Book)
_cWayne A. Fuller.
260 _aHoboken, N.J. :
_bWiley,
_cc2009.
300 _axvi, 454 p. ;
_c25 cm.
490 1 _aWiley series in survey methodology
650 0 _aEstimation theory.
650 0 _aMathematical statistics.
650 0 _aSampling (Statistics)
651 _aSampling statistics (E-Book)
830 0 _aWiley series in survey methodology.
942 _2ddc
_cBK
999 _c193201
_d193201